Bonbon à la menthe - Jok'air ft. Mallaury - Statistiques

Statistiques générales
  • Ce quiz a été pris 271 fois
  • Le résultat moyen est 327 sur 475
Statistiques - réponses
Réponses Paroles % Correct
à
98%
a
98%
À
98%
Ce
96%
m'a
96%
ma
96%
"tu
96%
tu
96%
Tu
96%
dit
95%
me
95%
qu'
95%
le
94%
Elle
92%
elle,
92%
J'ai
91%
j'ai
91%
la
91%
La
91%
se
91%
fille
90%
les
90%
pas
90%
cette
89%
y
89%
bonbon
88%
dans
88%
menthe
88%
menthe (x2)
88%
que
87%
Que
87%
ça
86%
ça,
86%
Ça
86%
en
86%
sentiments
86%
sentiments"
86%
banque
84%
compte
84%
d'argent
84%
avec
83%
sa
83%
hommes
82%
mentent
82%
moi,
82%
moi
82%
car
81%
Mais
81%
manque
81%
un
81%
c'est
80%
comme
80%
confiance
80%
différent
80%
frais
80%
plus
80%
Si
80%
Je
79%
"je
79%
je
79%
j'joue
79%
langue
79%
langue,
79%
maintenant
78%
sur
78%
n'a
77%
n'remplit
76%
Qu'elle
76%
J'suis
75%
lui
75%
lui,
75%
sentir
75%
m'manques"
73%
ai
72%
augmente
70%
augmente (x4)
70%
dire
70%
ne
70%
température
70%
de
69%
aime
66%
j'dois
65%
J'dois
65%
ta
64%
joue
62%
Pour
62%
pour
62%
argent
61%
Ton
61%
ton
61%
Mon
60%
mon
60%
ya
60%
"ya
60%
Il
59%
qu'avec
59%
qu'il
59%
tes
59%
tes,
59%
j'joue
57%
mec
57%
fait
56%
pouvoir
56%
tout
56%
entre
55%
jambes
55%
rafraîchis
55%
trouve
55%
manques"
54%
intelligent
53%
Par
52%
par
52%
toi
52%
toi,
52%
Bébé,
51%
besoin
51%
d'être
51%
et
51%
l'savoir,
50%
n'remplit
50%
rien
50%
méchant
49%
dise
47%
c'que
45%
demandes
45%
Fais
45%
c'que
44%
d'bien
44%
J'lui
44%
part
44%
t'auras
44%
est
43%
Yay, Yay,
43%
J'veux
42%
hanches
41%
amour
40%
cœur
40%
diligence
39%
jamais
39%
petit
39%
sera
39%
t'en
39%
Yves-Saint-Laurent
39%
braquer
38%
Certains
38%
pourraient
38%
prie,
38%
veux
38%
voir
38%
gens
37%
indulgent
37%
mentes
37%
robe
37%
absence
36%
chambre ?
36%
danser
36%
passé
36%
sont
36%
t'as
36%
dents
35%
S'il
35%
bretelles
34%
Combien
34%
l'été
34%
mets
34%
Prends-
34%
rouler
34%
tomber
34%
J'n'ai
33%
longtemps
33%
souffrance
33%
Certaines
32%
déçu
32%
été
32%
mot
32%
pendant
32%
rentrés
32%
rime
32%
indépendance
31%
j't'attends
31%
t'aime",
31%
Viens
31%
leur
30%
toute
30%
cesse
29%
Champs
29%
chance,
29%
d'mecs
29%
intelligente
29%
qu'je
29%
après
28%
reproches
28%
claqué
27%
couru
27%
n'veux
27%
preuve
27%
Épargne-
26%
monnaie
26%
d'abstinence
23%
douleurs
22%
l'passé,
22%
recommencent
22%
t'apprécie,
22%
l'abdomen
21%
ter-chan
21%
Laisse-moi
18%
avoir
10%
Tant
10%
j'sais
9%
l'sais
9%
Pèse
6%
menthe (x2)
3%
augmente (x4)
2%
Aucun quiz correspondant
Distribution des résultats
% des personnes avec chaque résultat
Percentile par nombre de réponses
Votre historique - résultats
Vous n’avez pas pris ce quiz